000 00313nam a22001337a 4500
008 170307b xxu||||| |||| 00| 0 eng d
020 _a9780470084700
041 _aeng
080 _23 ED
_a611
100 _a6
101 _aSHM
245 _aLABORATORY MANUAL ANATOMY AND PHYSIOLOGY
_cALLEN.C
942 _2udc
_cBK
999 _c7046
_d7046